000 01225nam a2200325 i 4500
005 20230705221731.0
007 ta
008 201210s2019 ck ao b 000 0 spa d
020 _a9789583057847
040 _aCO-BoRNBP
_bspa
_erda
_cCO-BoRNBP
041 1 _aspa
_hger
082 0 4 _a303.49
_bF42f
_222
100 1 _aFlessner, Bernd
_d1957-
_eautor
_9165473
245 1 0 _aFuturo
_btodo se transforma
_cBernd Flessner ; traducción del alemán Olga Martín Maldonado
250 _aPrimera edición
264 1 _aBogotá
_bPanamericana
_c2019
300 _a48 páginas
_bilustraciones, fotografías
_c28 cm
336 _2rdacontent
_atexto
_btxt
337 _2rdamedia
_asin mediación
_bn
338 _2rdacarrier
_avolumen
_bnc
490 0 _aCómo y por qué
500 _aIncluye glosario al final del texto
521 _aRecomendado para un público infantil mayor de 9 años
534 _tZukunft alles im wandel
650 1 7 _2LEMB
_aInnovaciones tecnológicas
_xLiteratura infantil
_9165474
650 1 7 _2LEMB
_aAutomatización
_xLiteratura infantil
_9164930
650 1 7 _2LEMB
_aTecnología y civilización
_xLiteratura infantil
_9164931
700 1 _aMartín Maldonado, Olga
_etraductora
_9165475
942 _2ddc
_cBKINF
999 _c3940
_d3940